Internetový obchod s využitím PHP a MySQL : Bakalárska práca

Na minha lista:
Detalhes bibliográficos
Autor principal: Živčic, Juraj (Author)
Outros Autores: Vydrnák, Marcel (xxx)
Formato: Manuscrito Livro
Idioma:eslovaco
Publicado em: Trnava : STU v Bratislave MtF KAIA, 2006
Assuntos:
Tags: Adicionar Tag
Sem tags, seja o primeiro a adicionar uma tag!

MARC

LEADER 00000ntm a22000003a 4500
001 stu130909
005 20160719155525.9
008 061206s2006----xo------------------slo-d
040 |a STU  |b slo 
041 0 |a slo 
044 |a xo 
100 1 |a Živčic, Juraj  |4 aut 
245 1 |a Internetový obchod s využitím PHP a MySQL :  |b Bakalárska práca 
260 |a Trnava :  |b STU v Bratislave MtF KAIA,  |c 2006 
300 |a 39 s  |c príl (1 CD-ROM) 
650 7 |a aplikovaná informatika a automatizácia v priemysle  |2 stusub 
700 1 |a Vydrnák, Marcel  |4 xxx 
996 |b 284M075210  |c M*BP-2342  |l MMSKP  |s P  |a 0  |w stu130909_0001